000 00585cam a22002173a 4500
001 24110
003 PGUSA
005 20140828083521.0
008 080102s2008||||xxu|||||s|||||000 | eng d
040 _aPGUSA
_beng
042 _adc
100 1 _aZhu, Ziqing,
_d1898-1948
245 1 0 _a歐遊雜記
_h[electronic resource] /
_cZiqing Zhu
260 _bProject Gutenberg,
_c2008
506 _aPublic domain in the USA.
516 _aElectronic text
740 0 _aOu You Za Ji
830 0 _aProject Gutenberg
_v24110
856 4 0 _uhttp://www.gutenberg.org/ebooks/24110
942 _cEB
999 _c253365
_d253365